Statistics for Top 15 Countries with Covid-19 Cases - 9 March 2022

Click here to take the quiz!

General Stats

  • This quiz has been taken 13 times
  • The average score is 17 of 29

Answer Stats

country% Correct
United Kingdom
100%
United States
100%
Brazil
92%
India
92%
Russia
92%
Spain
92%
France
85%
Germany
85%
Turkey
85%
Italy
77%
Iran
69%
Belgium
62%
Indonesia
62%
Netherlands
62%
Netherlands
62%
Portugal
62%
Argentina
54%
Colombia
46%
Denmark
46%
Austria
38%
Czechia
38%
Israel
38%
Switzerland
38%
Estonia
31%
Lithuania
31%
Georgia
23%
Latvia
23%
Slovenia
23%
Bahrain
15%

Score Distribution

Percentile by Number Answered

Percent of People with Each Score

Your Score History

You have not taken this quiz